000 00832cam a22002651 4500
001 17596
003 BD-RjUL
005 20211209000150.0
008 140217s1962 enka b 001 1 eng d
035 _a(BD-RjUL)17654
035 _a(OCoLC)307865
040 _aDLC
_cOYU
_dFU
_dOCoLC
_dUk
_dDLC
_dBD-RjUL
_beng
041 _aeng
082 0 0 _a822.33
_bFRS 1962
100 1 _aFraser, Russell A.
_954240
245 1 0 _aShakespeare's poetics in relation to King Lear /
_cRussell A. Fraser,
260 _aLondon :
_bRoutledge & Paul,
_cc1962
300 _axi, 184 p. :
_billus. ;
_c23 cm.
504 _aIncludes bibliography and Index
600 1 0 _aShakespeare, William,
_d1564-1616.
_964413
650 0 _aLear, King (Legendary character), in literature.
_954242
942 _2ddc
_cBK
999 _c17596
_d17596